| 000 | 00837nam a2200265Ia 4500 | ||
|---|---|---|---|
| 003 | OSt | ||
| 005 | 20220928113447.0 | ||
| 006 | a|||||r|||| 00| 0 | ||
| 007 | ta | ||
| 008 | 220927b |||||||| |||| 00| 0 eng d | ||
| 020 | _c695 | ||
| 024 | _a124390 | ||
| 037 |
_b075, 16/09/2014, Classic Book Service _cTextual |
||
| 040 |
_aSDCL _cSDCL _beng |
||
| 041 |
_2eng _aeng |
||
| 082 | _aX:(G:55), Q4 | ||
| 100 |
_aPaola M.Di Ed. _9433200 |
||
| 245 | 0 |
_aCanned heat _b Ethics and politics of global climate change |
|
| 260 |
_aNew Delhi _bRoutledge _c2014 |
||
| 300 |
_avi;248p. _ccm. |
||
| 650 | _aPolitical Science | ||
| 700 |
_a Pellegrino Gianfranco Ed. _9433201 |
||
| 942 |
_hX:(G:55), Q4 _cTEXL _2CC |
||
| 999 |
_c749640 _d749640 |
||